Statistics for Top 100 MLB Players 2018

Click here to take the quiz!

General Stats

  • This quiz has been taken 90 times
  • The average score is 56 of 100

Answer Stats

#TeamAnswer% Correct
14New York YankeesAaron Judge
100%
1Los Angeles AngelsMike Trout
100%
2Houston AstrosJose Altuve
99%
6Boston Red SoxMookie Betts
99%
12Washington NationalsBryce Harper
97%
7Los Angeles DodgersClayton Kershaw
97%
13New York YankeesGiancarlo Stanton
96%
3Chicago CubsKris Bryant
96%
5Cincinnati RedsJoey Votto
94%
4Washington NationalsMax Scherzer
93%
9Houston AstrosCarlos Correa
91%
15Cleveland IndiansFrancisco Lindor
90%
18Baltimore OriolesManny Machado
90%
8Colorado RockiesNolan Arenado
90%
10Arizona DiamondbacksPaul Goldschmidt
90%
23Chicago CubsAnthony Rizzo
88%
16Toronto Blue JaysJosh Donaldson
88%
20Boston Red SoxChris Sale
87%
11Cleveland IndiansCorey Kluber
86%
21Los Angeles DodgersJustin Turner
86%
19Houston AstrosJustin Verlander
86%
38Washington NationalsTrea Turner
86%
49St. Louis CardinalsCarlos Martinez
84%
27Houston AstrosGeorge Springer
84%
61Boston Red SoxJ.D. Martinez
84%
22Atlanta BravesFreddie Freeman
83%
29San Francisco GiantsBuster Posey
81%
17Los Angeles DodgersCorey Seager
77%
44New York MetsJacob DeGrom
77%
42Seattle MarinersKyle Seager
77%
28Colorado RockiesCharlie Blackmon
74%
40Los Angeles DodgersCody Bellinger
74%
25Washington NationalsStephen Strasburg
72%
26Cleveland IndiansJose Ramirez
71%
24Arizona DiamondbacksZack Greinke
71%
39Milwaukee BrewersChristian Yelich
70%
82San Francisco GiantsBrandon Belt
67%
34Seattle MarinersRobinson Cano
67%
30Texas RangersAdrian Beltre
64%
33Washington NationalsAnthony Rendon
62%
48New York YankeesGary Sanchez
62%
36San Francisco GiantsMadison Bumgarner
61%
35New York MetsNoah Syndergaard
61%
59New York YankeesLuis Severino
58%
46Seattle MarinersNelson Cruz
57%
70Chicago CubsJon Lester
55%
92St. Louis CardinalsMatt Carpenter
55%
45St. Louis CardinalsMarcell Ozuna
54%
69Houston AstrosAlex Bregman
51%
67San Francisco GiantsEvan Longoria
51%
37Milwaukee BrewersLorenzo Cain
51%
41Minnesota TwinsBrian Dozier
49%
52Philadelphia PhilliesJake Arrieta
49%
54Chicago White SoxJose Abreu
49%
94Boston Red SoxDavid Price
48%
57New York MetsYoenis Cespedes
48%
47Los Angeles AngelsJustin Upton
46%
62Los Angeles DodgersKenley Jansen
46%
78Minnesota TwinsErvin Santana
45%
53Chicago CubsYu Darvish
45%
32Los Angeles AngelsAndrelton Simmons
43%
71Houston AstrosDallas Keuchel
43%
77Washington NationalsDaniel Murphy
43%
81Cleveland IndiansAndrew Miller
42%
56New York YankeesBrett Gardner
41%
76Cleveland IndiansEdwin Encarnacion
41%
84Washington NationalsGio Gonzalez
41%
79San Francisco GiantsBrandon Crawford
39%
31Cleveland IndiansCarlos Carrasco
39%
63Boston Red SoxCraig Kimbrel
39%
91Chicago CubsWillson Contreras
38%
55Arizona DiamondbacksA.J. Pollock
36%
97San Diego PadresEric Hosmer
36%
60Texas RangersElvis Andrus
35%
74Boston Red SoxJackie Bradley Jr.
35%
86Texas RangersCole Hamels
33%
88Seattle MarinersJean Segura
33%
72Chicago CubsKyle Hendricks
33%
73Toronto Blue JaysMarcus Stroman
33%
98Arizona DiamondbacksRobbie Ray
33%
68Minnesota TwinsByron Buxton
32%
83New York YankeesDidi Gregorius
32%
75Baltimore OriolesJonathan Schoop
32%
64Los Angeles DodgersChris Taylor
30%
95Miami MarlinsJ.T. Realmuto
30%
51St. Louis CardinalsTommy Pham
29%
65Los Angeles AngelsIan Kinsler
28%
89San Francisco GiantsJohnny Cueto
26%
43Tampa Bay RaysKevin Kiermaier
26%
96Toronto Blue JaysJ.A. Happ
25%
99Philadelphia PhilliesOdubel Herrera
25%
58Atlanta BravesEnder Inciarte
23%
80Chicago CubsJose Quintana
23%
66Houston AstrosJosh Reddick
22%
50Detroit TigersMichael Fulmer
20%
87Los Angeles AngelsZack Cozart
19%
100New York MetsTodd Frazier
17%
90Toronto Blue JaysKevin Pillar
16%
85Colorado RockiesDJ LeMahieu
12%
93Minnesota TwinsLance Lynn
12%

Score Distribution

Percentile by Number Answered

Percent of People with Each Score

Your Score History

You have not taken this quiz